00642 2200193 4500245004400000020002200044250001100066100001700077700001900094700001700113650001700130005001900147260003100166041001400197084001100211300002300222500019400245336000900439 aKematian di VenesiacMann, ThomashText a978-623-7290-08-7 aCet. 1 aMann, Thomas aEva Sri Rahayu aD. S. Ariani aNovel Remaja a20231002083357 aYogyakartabBASABASIc2019 aIndonesia a808.83 a124 hlm. :c20 cm. aDalam kematian di venesia, Mann mengkritik kehidupan borjuis modern pada masa itu aschenbach adalah putra seorang pegawai negeri dia lelaki yang sangat disiplin dalam semua aspek kehidupan. atext